संगठन एवं प्रबंध / (Record no. 120980)

MARC details
000 -LEADER
fixed length control field 01250nam a22002777a 4500
005 - DATE AND TIME OF LATEST TRANSACTION
control field 20170124103206.0
010 ## - LIBRARY OF CONGRESS CONTROL NUMBER
LC control number B-171531
020 ## - INTERNATIONAL STANDARD BOOK NUMBER
Terms of availability 160.00
035 ## - SYSTEM CONTROL NUMBER
System control number B-171531
037 ## - SOURCE OF ACQUISITION
Source of stock number/acquisition Cen Lib/Ret
040 ## - CATALOGING SOURCE
Original cataloging agency DPL
Language of cataloging HN
082 ## - DEWEY DECIMAL CLASSIFICATION NUMBER
Classification number 658
Item number शर्माअ
100 ## - MAIN ENTRY--PERSONAL NAME
Personal name शर्मा, एम.सी.
9 (RLIN) 141571
245 ## - TITLE STATEMENT
Title संगठन एवं प्रबंध /
Statement of responsibility, etc एम.सी. शर्मा [और] सी.एल. चतुर्वेदी
246 ## - VARYING FORM OF TITLE
Title proper/short title Sangathan evam prabandh /
Remainder of title by M.C. Sharma [aur] C.L. Chaturvedi
250 ## - EDITION STATEMENT
Edition statement 3rd ed
260 ## - PUBLICATION, DISTRIBUTION, ETC. (IMPRINT)
Place of publication, distribution, etc दिल्ली
Name of publisher, distributor, etc श्री महावीर बुक डिपो
270 ## - ADDRESS
City दिल्ली
Address 2603, नई सड़क
Postal code 110006
300 ## - PHYSICAL DESCRIPTION
Extent 648पृ.
Dimensions 21सेमी (सजिल्द)
650 ## - SUBJECT ADDED ENTRY--TOPICAL TERM
Topical term or geographic name as entry element संगठन और प्रबंध
9 (RLIN) 2124
650 ## - SUBJECT ADDED ENTRY--TOPICAL TERM
Topical term or geographic name as entry element संगठन और प्रबंध -- नियोजन एवं निर्णयन
9 (RLIN) 93737
650 ## - SUBJECT ADDED ENTRY--TOPICAL TERM
Topical term or geographic name as entry element Organization and Management
9 (RLIN) 93738
650 ## - SUBJECT ADDED ENTRY--TOPICAL TERM
Topical term or geographic name as entry element Organization and Management -- Planning and decision making
9 (RLIN) 93739
700 ## - ADDED ENTRY--PERSONAL NAME
Personal name चतुर्वेदी, सी.एल.
9 (RLIN) 141572
942 ## - ADDED ENTRY ELEMENTS (KOHA)
Source of classification or shelving scheme Dewey Decimal Classification
Koha item type Hindi Books
Classification part 658
Call number suffix शर्माअ
Holdings
Withdrawn status Lost status Source of classification or shelving scheme Damaged status Not for loan Home library Current library Date acquired Source of acquisition Cost, normal purchase price Total Checkouts Total Renewals Full call number Barcode Date last seen Date checked out Copy number Cost, replacement price Price effective from Koha item type
    Dewey Decimal Classification     Central Library Central Library 30/09/2015 Cen Lib/Ret 160.00 5 4 658 शर्माअ B-171531 14/10/2019 04/09/2019 1 160.00 30/09/2015 Hindi Books

© Delhi Public Library
Hit Counter
free hit counter